Counter-Strike - Tous les Trophées de Vitality - Statistiques

Statistiques générales
  • Ce quiz a été pris 11 fois
    9 depuis la dernière actualisation
  • Le résultat moyen est 24 sur 60
Statistiques - réponses
Année Tier Organisateur Prize Pool Tournoi % Correct
2023 Major BLAST $1,250k BLAST.tv Paris Major 2023
89%
2025 MC ESL $1,250k IEM Katowice 2025
89%
2026 MC ESL $1,222k IEM Krakow 2026
89%
2025 Major BLAST $1,250k BLAST.tv Austin Major 2025
78%
FaZe
78%
GamerLegion
78%
2024 MC ESL $1,000k IEM Cologne 2024
78%
NaVi
78%
2025 Major StarLadder $1,170k StarLadder Budapest Major 2025
78%
The MongolZ
78%
2026 S BLAST $1,100k BLAST Open Rotterdam 2026
67%
Falcons
67%
2025 S ESL $1,000k IEM Melbourne 2025
67%
2026 S ESL $1,000k IEM Rio 2026
67%
MOUZ
67%
MOUZ
67%
MOUZ
67%
2026 S PGL $1,250k PGL Cluj-Napoca 2026
67%
Spirit
67%
2025 S BLAST $400k BLAST Open Lisbon 2025
56%
Falcons
56%
Furia
56%
2025 S ESL $1,000K IEM Dallas 2025
56%
NaVi
56%
NaVi
56%
Parivision
56%
Spirit
56%
Falcons
44%
FaZe
44%
2023 S Saudi Esport Federation $1,000k Gamers8 2023
44%
2023 S ESL $250k IEM Rio 2023
44%
2019 A Beyond the Summit $150k cs_summit 4
33%
FaZe
33%
Heroic
33%
NaVi
33%
2023 S BLAST $425k BLAST Premier Fall Final 2023
22%
2023 S BLAST $1,000k BLAST Premier World Final 2023
22%
2025 S ESL $1,000k ESL Pro League S21
22%
2025 S ESL $1,000k ESL Pro League S22
22%
2020 S ESL $150k IEM Beijing-Haidian 2020 Europe
22%
Astralis
11%
2026 S BLAST $1,000k BLAST Rivals 2026 Season 1
11%
2018 A Dreamhack $100k Dreamhack open Atlanta
11%
2022 S ESL $823k ESL Pro League S16
11%
2021 S ESL $250k IEM Winter 2021
11%
Liquid
11%
Liquid
11%
Luminosity
11%
mousesports
11%
2020 S BLAST $425k BLAST Premier Fall 2020 Finals
0%
2025 S BLAST $350k BLAST Rivals 2025 Season 1
0%
2019 A Louvard Game $113k Charleroi Esports
0%
2019 S Faceit $500k ECS season 7 Finals
0%
ENCE
0%
2019 S Epic Esports Events $500k Epicenter 2019
0%
Furia
0%
HellRaisers
0%
NIP
0%
Sprout
0%
2019 B WePlay.TV $50k WePlay! Lock and Load
0%
Aucun quiz correspondant
Distribution des résultats
% des personnes avec chaque résultat
Percentile par nombre de réponses
Votre historique - résultats
Vous n’avez pas pris ce quiz depuis la dernière actualisation